000 00495nam a2200181Ia 4500
001 25074
005 20260414151126.0
008 260414t2025||||xx |||||||||||||| ||spa||
041 _aESP
082 _a346.2
_bA89
100 _aAvalos Pretell, Bruno Fernando,
_eAUT
245 0 _aDel régimen de visitas al derecho de relación :
_bmplicancias teóricas y prácticas
260 _c2025
300 _a350 páginas :
_c25 cm.
650 _aDER
654 _aCDE
942 _cLIB
_dJUS
_fJUS
_2ddc
_n
999 _c25074
_d25074